| 000 | 01421cam a22003254a 4500 | ||
|---|---|---|---|
| 999 |
_c329637 _d329637 |
||
| 001 | 13698337 | ||
| 003 | NUST | ||
| 005 | 20170516130809.0 | ||
| 008 | 040825s2005 enka b 001 0 eng | ||
| 010 | _a 2004020225 | ||
| 020 | _a041535790X (pb : alk. paper) | ||
| 020 | _a0415357829 (hb : alk. paper) | ||
| 040 |
_aDLC _cDLC _dDLC |
||
| 042 | _apcc | ||
| 050 | 0 | 0 |
_aHE147.65 _b.B36 2005 |
| 082 | 0 | 0 |
_a388.4042 BAN _222 |
| 100 | 1 |
_aBanister, David. _9907 |
|
| 245 | 1 | 0 |
_aUnsustainable transport : _bcity transport in the new century / _cDavid Banister. |
| 250 | _a1st ed. | ||
| 260 |
_aLondon ; _aNew York : _bRoutledge, _c2005. |
||
| 300 |
_ax, 292 p. : _bill. ; _c24 cm. |
||
| 440 | 0 |
_aTransport, development and sustainability _9908 |
|
| 504 | _aIncludes bibliographical references (p. [256]-280) and index. | ||
| 650 | 0 |
_aTransportation _xEnvironmental aspects. _9909 |
|
| 650 | 0 |
_aTransportation and state _xEnvironmental aspects. _9910 |
|
| 650 | 0 |
_aSustainable development. _9442 |
|
| 856 | 4 | 1 |
_3Table of contents only _uhttp://www.loc.gov/catdir/toc/ecip0422/2004020225.html |
| 856 | 4 | 2 |
_3Publisher description _uhttp://www.loc.gov/catdir/enhancements/fy0651/2004020225-d.html |
| 906 |
_a7 _bcbc _corignew _d1 _eecip _f20 _gy-gencatlg |
||
| 942 |
_2ddc _cBK |
||